Textual and contextual analysis in empirical translation studies

Spremljeno u:
Bibliografski detalji
Glavni autori: Laviosa, Sara (Autor), Pagano, Adriana (Autor), Kemppanen, Hannu (Autor), Ji, Meng (Autor)
Format: Knjiga
Jezik:engleski
Izdano: Singapur Springer 2017
Izdanje:1a. ed
Serija:New Frontiers in Translation Studies
Teme:
Oznake: Dodaj oznaku
Bez oznaka, Budi prvi tko označuje ovaj zapis!

MARC

LEADER 00000cam a2200000 a 4500
001 UCC7316
003 CL-VaPUC
008 190322e20170000si |||||||||||||||||eng|d
020 |a 9789811019678 
082 0 4 |a 418.02071  |b LAV  |2 21 
100 0 |a Laviosa, Sara  |e author  |9 601869 
700 0 |a Pagano, Adriana  |e author  |9 601870 
700 0 |a Kemppanen, Hannu  |e author  |9 601871 
700 0 |a Ji, Meng  |e author  |9 601872 
245 1 0 |a Textual and contextual analysis in empirical translation studies 
250 |a 1a. ed 
300 |a 157 p 
942 |c BK 
945 |d 20190322 14:57:00  |a dcastane 
260 |a Singapur  |b Springer  |c 2017 
650 0 |a Traducción e interpretación  |9 315998 
650 0 |a Lingüística  |9 265068 
650 0 |a Estudio y enseñanza  |9 270395 
650 0 |a Gramática  |9 270497 
650 7 |a PUNTUACION  |2 CL-VaPUC  |9 334246 
583 |a last modification  |c 20190322 14:57:00  |k Rodrigo Vera 
490 0 |a New Frontiers in Translation Studies 
999 |c 373986  |d 373984 
952 |0 0  |1 0  |3 erd  |4 0  |6 418_020710000000000_LAV_2017  |7 0  |8 A  |9 492326  |a BIBEDU  |b BIBEDU  |i 5537576  |o 418.02071 LAV 2017  |p 5537576  |r 2019-11-24  |w 2019-11-24  |y BK  |z Catalogado en:20190322  |k CIT